Angličtina pro samouky

Guardado en:
Detalles Bibliográficos
Formato: Libro
Lenguaje:checo
Publicado: Praha Stát. ped. nakl. 1989
Edición:4. vyd.
Etiquetas: Agregar Etiqueta
Sin Etiquetas, Sea el primero en etiquetar este registro!

MARC

LEADER 00000nam a2200000 4500
001 c030989
005 20250519095143.7
041 0 |a cze 
044 |a CZ 
245 1 0 |a Angličtina pro samouky  |c Ludmila Kollmannová, Libuše Bubeníková, Alena Kopecká 
250 |a 4. vyd. 
264 1 |a Praha  |b Stát. ped. nakl.  |c 1989 
300 |a 525 s.